Statistics for ポケモンシリーズ・不思議のダンジョンシリーズ ソフトタイトル

Click here to take the quiz!

General Stats

  • This quiz has been taken 15 times
  • The average score is 21 of 28

Answer Stats

年数ソフト名ゲーム機% Correct
1996ポケットモンスター 赤・緑GB
100%
1999ポケットモンスター 金・銀GBC
100%
1998ポケットモンスター ピカチュウGB
93%
2002ポケットモンスター ルビー・サファイアGBA
93%
2006ポケットモンスター ダイヤモンド・パールDS
93%
2019ポケットモンスター ソード・シールドSwitch
93%
2010ポケットモンスター ブラック・ホワイトDS
93%
1996ポケットモンスター 青GB
93%
2016ポケットモンスター サン・ムーン3DS
93%
2013ポケットモンスター X・Y3DS
93%
2017ポケットモンスター ウルトラサン・ウルトラムーン3DS
86%
2022ポケットモンスター スカーレット・バイオレットSwitch
86%
2021ポケットモンスター ブリリアントダイヤモンド・シャイニングパールSwitch
86%
2012ポケットモンスター ブラック2・ホワイト2DS
86%
2022Pokémon LEGENDS アルセウスSwitch
86%
2009ポケットモンスター ハートゴールド・ソウルシルバーDS
79%
2014ポケットモンスター オメガルビー・アルファサファイア3DS
71%
2008ポケットモンスター プラチナDS
71%
2018ポケットモンスター Let's Go! ピカチュウ・Let's Go! イーブイSwitch
71%
2004ポケットモンスター エメラルドGBA
64%
2004ポケットモンスター ファイアレッド・リーフグリーンGBA
64%
2000ポケットモンスター クリスタルバージョンGBC
64%
2005ポケモン不思議のダンジョン 青の救助隊・赤の救助隊GBA
64%
2009ポケモン不思議のダンジョン 空の探検隊DS
57%
2007ポケモン不思議のダンジョン 時の探検隊・闇の探検隊DS
50%
2020ポケモン不思議のダンジョン 救助隊DXSwitch
29%
2012ポケモン不思議のダンジョン ~マグナゲートと∞迷宮~3DS
21%
2015ポケモン超不思議のダンジョン3DS
21%

Score Distribution

Percentile by Number Answered

Percent of People with Each Score

Your Score History

You have not taken this quiz